=LDR 00000nam 2200000 4500 =001 INLIS000000000010674 =005 20230510095751 =035 ##$$a 0010-061300000010674 =008 230510################g##########0#ind## =041 ##$$a Ind =082 ##$$a 346.04 =090 ##$$a 346.04, Par k =100 ##$$a Parlindungan, A.P =245 1#$$a Komentar atas undang-undang pokok agraria dilengkapi PP. No.40 dan 41/1996, Prof. DR. A.P. Parlindungan, SH /$c Prof. DR. A.P. Parlindungan, SH. =260 ##$$a Bandung :$b Mandar Maju,$c 1998 =300 ##$$a xviii, 414 hlm. : $b - ; $c 20 X 14 cm =650 #4$$a Agraria-Undang-Undang dan Peraturan =850 ##$$a NBPNMAT =020 ##$$a 979-538-019-2 =084 ##$$a 346.04 PAR k =250 ##$$a Cet. VIII =990 ##$$a 21400613/BPAP-NTB/20142014 =990 ##$$a 0001/BPAP-NTB/20142014 =990 ##$$a 10312533 =990 ##$$a 0001/BPAP-NTB/20142014